Geometría numérica pitagórica / (Record no. 108516)

MARC details
000 -LEADER
campo de control de longitud fija 00580nam a2200193 i 4500
001 - NÚMERO DE CONTROL
campo de control 108516
003 - IDENTIFICADOR DE NÚMERO DE CONTROL
campo de control ES-MaACL
005 - FECHA Y HORA DE LA ÚLTIMA TRANSACCIÓN
campo de control 20230906184644.0
007 - CAMPO FIJO DE DESCRIPCIÓN FÍSICA--INFORMACIÓN GENERAL
campo de control de longitud fija t|
008 - DATOS DE LONGITUD FIJA--INFORMACIÓN GENERAL
campo de control de longitud fija 061121s1981 sp r ||||1| spa d
020 ## - NÚMERO INTERNACIONAL ESTÁNDAR DEL LIBRO
Número Internacional Estándar del Libro 84-300-6082-0
080 ## - NÚMERO DE LA CLASIFICACIÓN DECIMAL UNIVERSAL
Número de la Clasificación Decimal Universal 512.7(083.5)
100 1# - ENTRADA PRINCIPAL--NOMBRE DE PERSONA
Nombre de persona Montes Pérez, Jesús.
9 (RLIN) 82578
245 10 - MENCIÓN DEL TÍTULO
Título Geometría numérica pitagórica /
Mención de responsabilidad, etc. por Jesús Montes Pérez.
260 ## - PUBLICACIÓN, DISTRIBUCIÓN, ETC.
Lugar de publicación, distribución, etc. [Madrid :
Nombre del editor, distribuidor, etc. El autor,
Fecha de publicación, distribución, etc. 1981 (
Fabricante Gráf. Fernández])
300 ## - DESCRIPCIÓN FÍSICA
Extensión 34 h. :
Otras características físicas il. ;
Dimensiones 30 cm.
650 04 - PUNTO DE ACCESO ADICIONAL DE MATERIA--TÉRMINO DE MATERIA
Término de materia o nombre geográfico como elemento de entrada Geometría algebraica.
9 (RLIN) 13099
852 ## - LOCALIZACIÓN
Ubicación ES-MaACL
Número de control de estantería 2124-F-18
Sublocalización o colección R.102396
Holdings
Estatus retirado Estado de pérdida Estado de daño No para préstamo Colección Biblioteca de origen Biblioteca actual Ubicación en estantería Fecha de adquisición Fuente de adquisición Total de préstamos Signatura topográfica completa Código de barras Visto por última vez Precio de reemplazo Tipo de ítem Koha
        Colección de folletos Biblioteca del Ateneo de Madrid Biblioteca del Ateneo de Madrid Depósito folletos 17/01/2008     2124-F-18 1113231 23/02/2023 23/02/2023 Folleto